| 000 | 00811nam a2200253 a 4500 | ||
|---|---|---|---|
| 001 | 50445 | ||
| 003 | BD-RjUL | ||
| 005 | 20211209075517.0 | ||
| 008 | 160827s1966 ilua b 00000 eng | ||
| 035 | _a(BD-RjUL)50565 | ||
| 040 |
_aANL _beng _dICU _cBD-RjUL |
||
| 041 | _aeng | ||
| 082 |
_a511.35 _bVOT 1966 |
||
| 100 | 1 |
_aVon Neumann, John, _d1903-1957. _9151095 |
|
| 245 | 1 | 0 |
_aTheory of self-reproducing automata / _cEdited and completed by Arthur W. Burks. |
| 260 |
_aUrbana : _bUniversity of Illinois Press, _cc1966. |
||
| 300 |
_axix, 388 p. : _bill. ; _c24 cm. |
||
| 504 | _aBibliography: p. 297-302. | ||
| 650 | 0 |
_aMachine theory. _9151147 |
|
| 700 | 1 |
_aBurks, Arthur W. _q(Arthur Walter), _d1915- _eed. _9151148 |
|
| 740 | 0 | _aSelf-reproducing automata. | |
| 942 |
_2ddc _cBK |
||
| 999 |
_c50445 _d50445 |
||